On their toes : (Record no. 1294)

MARC details
000 -LEADER
fixed length control field 01224cam a2200313 a 4500
005 - DATE AND TIME OF LATEST TRANSACTION
control field 20260322212054.0
008 - FIXED-LENGTH DATA ELEMENTS--GENERAL INFORMATION
fixed length control field data
010 ## - LIBRARY OF CONGRESS CONTROL NUMBER
LC control number 91011903
020 ## - INTERNATIONAL STANDARD BOOK NUMBER
International Standard Book Number 0689316607 :
Terms of availability {dollar}14.95
020 ## - INTERNATIONAL STANDARD BOOK NUMBER
International Standard Book Number 9780689316609 :
Terms of availability {dollar}14.95
040 ## - CATALOGING SOURCE
Original cataloging agency DLC
Transcribing agency DLC
Modifying agency DLC
042 ## - AUTHENTICATION CODE
Authentication code lcac
043 ## - GEOGRAPHIC AREA CODE
Geographic area code e-ur-ru
050 00 - LIBRARY OF CONGRESS CALL NUMBER
Classification number GV1788.6.L466
Item number M67 1991
082 00 - DEWEY DECIMAL CLASSIFICATION NUMBER
Classification number 792.8/0947/453
Edition information 20
092 ## - LOCALLY ASSIGNED DEWEY CALL NUMBER (OCLC)
Classification number 792.8 M67 1991
001 - CONTROL NUMBER
control field data
100 1# - MAIN ENTRY--PERSONAL NAME
Personal name Morris, Ann,
Dates associated with a name 1930-
245 10 - TITLE STATEMENT
Title On their toes :
Remainder of title a Russian ballet school /
Statement of responsibility, etc. Ann Morris & Ken Heyman.
250 ## - EDITION STATEMENT
Edition statement 1st ed.
260 ## - PUBLICATION, DISTRIBUTION, ETC.
Place of publication, distribution, etc. New York :
Name of publisher, distributor, etc. Maxwell Macmillan International,
Place of publication, distribution, etc. Toronto :
Name of publisher, distributor, etc. Maxwell Macmillan Canada ;
Place of publication, distribution, etc. New York :
Name of publisher, distributor, etc. Maxwell Macmillan International,
Date of publication, distribution, etc. 1991.
300 ## - PHYSICAL DESCRIPTION
Extent 1 v. :
Other physical details col. ill. ;
Dimensions 27 cm.
520 ## - SUMMARY, ETC.
Summary, etc. A behind-the-scenes look at the Kirov Ballet Academy, a training school for young dancers in Russia.
610 20 - SUBJECT ADDED ENTRY--CORPORATE NAME
Corporate name or jurisdiction name as entry element Leningradskoe akademicheskoe khoreograficheskoe uchilishche im. A. I︠A︡. Vaganovoĭ
General subdivision Juvenile literature.
610 21 - SUBJECT ADDED ENTRY--CORPORATE NAME
Corporate name or jurisdiction name as entry element Kirov Ballet Academy.
650 #0 - SUBJECT ADDED ENTRY--TOPICAL TERM
Topical term or geographic name entry element Ballet
General subdivision Juvenile literature.
Geographic subdivision Saint Petersburg
-- Saint Petersburg
General subdivision Case studies
-- Juvenile literature.
650 #1 - SUBJECT ADDED ENTRY--TOPICAL TERM
Topical term or geographic name entry element Ballet dancing.
700 1# - ADDED ENTRY--PERSONAL NAME
Personal name Heyman, Ken,
Relator term ill.
Holdings
Withdrawn status Lost status Damaged status Not for loan Home library Current library Shelving location Date acquired Total checkouts Full call number Barcode Date last seen Price effective from Koha item type
        Centerville Centerville General stacks 22/03/2026   792.8/0947/453 20 BC0011337 22/03/2026 22/03/2026 Books